Cuộc phiêu lưu tư tưởng văn học âu châu Thế kỉ XX(1900 - 1959)

Salvato in:
Dettagli Bibliografici
Autore principale: Alberes R.M.
Altri autori: Vũ Đình Lưu (Dịch)
Natura: Libro
Lingua:Vietnamese
Pubblicazione: H. Phủ quốc vụ khanh đặc trách văn hóa 1971
Soggetti:
Tags: Aggiungi Tag
Nessun Tag, puoi essere il primo ad aggiungerne! !
Thư viện lưu trữ: Mạng thư viện Đại học Đà Nẵng
LEADER 01073nam a2200313 4500
001 000013916
003 10263
005 20120327070301.0
008 120327s1971 viesd
041 0 |a vie 
082 |a 809  |b AL-R 
100 0 |a Alberes R.M. 
245 0 |a Cuộc phiêu lưu tư tưởng văn học âu châu  |b Thế kỉ XX(1900 - 1959)  |c R.M.Alberes. Vũ Đình Lưu(Dịch) 
260 |a H.  |b Phủ quốc vụ khanh đặc trách văn hóa  |c 1971 
300 |a 686 tr.  |c 19 cm 
653 |a Tư tưởng 
653 |a Văn học âu châu 
653 |a Thế kỉ XX 
700 |a Vũ Đình Lưu  |e Dịch 
OWN |a LSP 
AVA |a UDN50  |b LSP  |d 809 AL-R  |e available  |t Error 5001 Not defined in file expand_doc_bib_avail.  |f 1  |g 0  |h N  |i 0  |k 1 
999 |a From the UDN01 
AVA |a UDN50  |b LSP  |d 809 AL-R  |e available  |t Error 5001 Not defined in file expand_doc_bib_avail.  |f 1  |g 0  |h N  |i 0  |k 1 
TYP |a Monograph 
TYP |a Printed language 
980 |a Mạng thư viện Đại học Đà Nẵng